Score 0/28 Timer 04:00
2 Plays Today
Hint 4-Letter Word % Correct
Absence of lightDARK
95.3%
Grains on the beachSAND
93.5%
Difficult or challengingHARD
92.5%
He came in second to the tortoiseHARE
91.9%
Shopping plazaMALL
90.9%
Frozen rainHAIL
90.3%
SpokenSAID
90.1%
Palm locationHAND
89.5%
Scottish garmentKILT
89%
Mithril shirt is made of chain ___MAIL
88.6%
BucketPAIL
88.4%
A lot of hurtPAIN
88.3%
Beer-making ingredientMALT
87.3%
NaCl, for exampleSALT
87.2%
Hint 4-Letter Word % Correct
Particles on a river bottomSILT
85.5%
Relative of a geek or nerdDORK
85.4%
Mend a sockDARN
78.5%
Hammer hitteeNAIL
76.3%
Je ne ___ pas: I don't know (French)SAIS
75%
Oates' singing partnerHALL
74.6%
Tony from 'Arrested Development'HALE
69.2%
Father of [Rung 6]*NAIN*
68.5%
King Under the Mountain at the end of 'The Hobbit'*DAIN*
65.1%
A podium for speakingDAIS
63.8%
Faithful nephew of Thorin on Lonely Mountain quest*KILI*
49.6%
Brother of [above]*FILI*
46%
Bearer of Bilbo on the quest for Lonely Mountain*DORI*
40.2%
Capable flutist on the Lonely Mountain quest*NORI*
36.7%

Today's Daily Dose

Remove Ads.
Support Sporcle.
Get the best of Sporcle when you Go Orange. This ad-free experience offers more features, more stats, and more fun while also helping to support Sporcle. Thank you for becoming a member.

You're not logged in!

Compare scores with friends on all Sporcle quizzes.
OR
Log In

Show Comments

Extras

Top Quizzes Today


Score Distribution

Your Account Isn't Verified!

In order to create a playlist on Sporcle, you need to verify the email address you used during registration. Go to your Sporcle Settings to finish the process.

Report this User

Report this user for behavior that violates our Community Guidelines.

Details: